000
00202 a2200109 4500
020
_a
7706894074525
041
_a
spa
100
_a
Walter Riso
245
_a
Amar o Depender
942
_c
BK
952
_7
1
999
_c
23617
_d
23617